| 000 | 00783cam a2200241 a 4500 | ||
|---|---|---|---|
| 001 | 1841661 | ||
| 003 | BD-DhUL | ||
| 005 | 20160517180450.0 | ||
| 008 | 810128s1982 nyua b 001 0 eng | ||
| 020 | _a0442225687 | ||
| 040 |
_aDLC _cBD-DhUL _dBD-DhUL |
||
| 082 |
_a332.6324 _bBAH |
||
| 100 | 1 | _aBarrett, G. Vincent. | |
| 245 | 1 | 0 |
_aHow to conduct and analyze real estate market and feasibility studies / _cG. Vincent Barrett, John P. Blair. |
| 260 |
_aNew York : _bVan Nostrand Reinhold Co., _c1982. |
||
| 300 |
_axvii, 322 p. : _bill. ; _c24 cm. |
||
| 504 | _aIncludes bibliographical references and index. | ||
| 650 | 0 | _aReal estate development. | |
| 650 | 0 | _aFeasibility studies. | |
| 700 | 1 |
_aBlair, John P., _d1947- |
|
| 740 | 0 | _aFeasibility studies. | |
| 942 |
_2ddc _cBK |
||
| 999 |
_c66918 _d66918 |
||